| 000 | 00361nam a2200157Ia 4500 | ||
|---|---|---|---|
| 003 | Ost | ||
| 005 | 20260225132556.0 | ||
| 008 | 260225s9999||||xx |||||||||||||| ||und|| | ||
| 040 | _cfsic | ||
| 041 | _afre | ||
| 082 | _a440 | ||
| 100 |
_aJean Epstein _eAuteur |
||
| 245 | 0 | _aEcits sur le cinéma 1921-1953 : | |
| 245 | 0 |
_bt.1 / _cJean Epstein |
|
| 942 | _cكتاب | ||
| 999 |
_c34448 _d34448 |
||